000 00329nam a22001217a 4500
008 230704b xxu||||| |||| 00| 0 eng d
082 _a341.765
_bWHO
110 _bWorld Health Organization
245 _aFifty-Fifth
_bWorld Health Assembly
260 _aGeneva
_bWorld Health Organization
_c2002
300 _a276p
942 _2ddc
_cBK
999 _c3833
_d3833